Διδακτική

Αποθηκεύτηκε σε:
Λεπτομέρειες βιβλιογραφικής εγγραφής
Κύριος συγγραφέας: Παπαγεωργίου, Γεώργιος Κ., 1926-
Μορφή: Βιβλίο
Γλώσσα:Greek
Δημοσίευση: Ηράκλειο : Ψυχοτεχνική, 1982-1985
Θέματα:
Ετικέτες: Προσθήκη ετικέτας
Δεν υπάρχουν, Καταχωρήστε ετικέτα πρώτοι!

MARC

LEADER 00000cam a2200000 i 4500
001 1/80029
008 980910m19821985 gre d
035 |l 10033339 
040 |a GR-MY-UA  |b gre  |e aacr 
041 0 |a gre 
082 0 |a 371.3 
100 1 |a Παπαγεωργίου, Γεώργιος Κ.,   |d 1926- 
245 1 0 |a Διδακτική /  |c Γ.Κ. Παπαγεωργίου 
260 |a Ηράκλειο :   |b Ψυχοτεχνική,   |c 1982-1985 
300 |a 2 τ.;  |c 24 εκ. 
505 0 |a Τ.1. Τα γλωσσικά μαθήματατ.2. Διδακτική ΙΙ 
650 0 0 |a Elementary school teaching. 
650 0 0 |a Language and languages  |x Study and teaching (Elementary) 
650 0 0 |a Mathematics  |x Study and teaching (Elementary) 
650 0 0 |a Teaching. 
852 |a INST  |b RHODES  |e 19980910  |h 371.3 ΠΑΠ  |p 005400007205  |q 005400007205  |t BK  |y 0  |z τ.2 
852 |a INST  |b RHODES  |e 19980910  |h 371.3 ΠΑΠ  |p 005400007235  |q 005400007235  |t BK  |y 0  |z τ.1 
852 |a INST  |b RHODES  |e 19980910  |h 371.3 ΠΑΠ  |p 005400007205  |q 005400007205  |t BK  |v τ.2:  |y 0  |z τ.2 
852 |a INST  |b RHODES  |e 19980910  |h 371.3 ΠΑΠ  |p 005400007235  |q 005400007235  |t BK  |v τ.1:  |y 0  |z τ.1 
852 |a INST  |b RHODES  |c AKA  |e 20081212  |h  371.3 ΠΑΠ  |p 005400031481  |q 005400031481  |t BK  |v τ.2:  |y 0  |z τ.2 
853 |a INST  |b RHODES  |h 371.3 ΠΑΠ 
853 |a INST  |b RHODES  |c AKA  |h  371.3 ΠΑΠ 
901 |a BIBL4-1998-3 
909 |a Ρ  |b 028489  |c 1995 
909 |a Ρ  |b 042794  |c 1995 
922 |a 4ΔΩΡ  |b 199504  |c ΔΩΡΕΑ